Sobre la decadencia económica de Espana

Shranjeno v:
Bibliografske podrobnosti
Glavni avtor: Fuertes, J. Velarde
Format: Knjiga
Jezik:Undetermined
Izdano: Madrid Editorial Tecnos 1967
Teme:
Oznake: Označite
Brez oznak, prvi označite!
Thư viện lưu trữ: Trung tâm Học liệu Trường Đại học Cần Thơ
LEADER 00499nam a2200181Ia 4500
001 CTU_82184
008 210402s9999 xx 000 0 und d
082 |a 330.9 
082 |b F954 
100 |a Fuertes, J. Velarde 
245 0 |a Sobre la decadencia económica de Espana 
245 0 |c J. Velarde Fuertes 
260 |a Madrid 
260 |b Editorial Tecnos 
260 |c 1967 
650 |a Economic conditions 
904 |i Trọng Hải 
980 |a Trung tâm Học liệu Trường Đại học Cần Thơ